MDQL
is popping MORE tags! Check the
thread
!
Quizzes
Events
Quiz Creation
Community
Videos
Private Events
Remove Ads
Sign In
Join for FREE
Feedback
Dark Mode
Quiz Categories
Sports
Geography
Music
Movies
Television
Just For Fun
Miscellaneous
History
Literature
Language
Science
Gaming
Entertainment
Religion
Holiday
For Kids
Quiz Lab
Recent
Popular Today
Quiz Kudos Today
Editor Picks
Curator Picks
Quizzes by...
Day
Popularity
Type
Ratings
Length
Year
Community
Subscriptions
Recent Discussions
Orange Saloon
Badges
Playlists
Quests
Create
Leaderboards
Showdown
Live 5
Trivia Bingo
Activity
Puzzle Library
Sporcle Events
Private Events
Virtual Trivia
Globe League
Become a Host
Pub Owners
SporcleCon
Opinionation
Our Games
Videos
Blog
Mobile Apps
Partnerships
Remove Ads and Go Orange
Feedback
Sports
Athletes
MLB
NBA
NHL
NFL
Soccer
Sports Teams
WWE
NCAA
Football
Premier League
Basketball
Baseball
Hockey
Golf
Tennis
Cricket
Rugby
Auto Racing
Olympics
World Cup
Sports
Athletes
MLB
NBA
NHL
NFL
Soccer
Sports Teams
WWE
NCAA
Football
Premier League
Basketball
Baseball
Hockey
Golf
Tennis
Cricket
Rugby
Auto Racing
Olympics
World Cup
Random Quiz
Search Sporcle
×
Quiz Lab
Quiz Lab
Sports
Cricket
Type in answers that appear in a list
Type in answers that appear in a list
Classic
Best Score? Go Orange.
Cricket - Most Runs for England against Australia Stats
Can you name the Cricket - Most Runs for England against Australia?
By
TigerRockets
12m
26 Questions
474 Plays
474 Plays
474 Plays
Comments
Comments
Give Quiz Kudos
Give Quiz Kudos
-
- Ratings
hide this ad
Replay
Link that replays current quiz
Next Quiz
Link to next quiz in quiz playlist
You Got
0%
They Got
Avg Score
65%
Avg Friend Score
Upgrade to see
Score Distribution
Jump to the score distribution portion of the page
Score
0/26
Timer
12:00
1
Play Today
Span
Player
% Correct
2006-
2017
Alistair Cook
96%
2005-
2011
Kevin Pietersen
94.5%
1975-
95
Graham Gooch
93.5%
2013-
2023
Joe Root
93.4%
1978-
91
David Gower
92.2%
2005-
2015
Ian Bell
90.4%
1964-
81
Geoff Boycott
89.5%
1989-
2001
Mike Atherton
88.4%
1990-
2003
Alec Stewart
85.2%
1908-
30
Jack Hobbs
84%
1938-
55
Len Hutton
84%
1977-
89
Ian Botham
83.3%
1928-
47
Walter Hammond
82.5%
Span
Player
% Correct
1954-
75
Colin Cowdrey
78.3%
1980-
95
Mike Gatting
75.3%
1938-
56
Dennis Compton
70%
1961-
68
Ken Barrington
69.6%
1924-
34
Herbert Sutcliffe
66.9%
1964-
75
John Edrich
63.7%
1968-
81
Alan Knott
40.1%
1899-
1926
Wilfred Rhodes
38.2%
1920-
34
Elias Hendren
28.7%
1909-
34
Frank Woolley
28.1%
1929-
38
Maurice Leyland
23.6%
1894-
1909
Archie MacLaren
15.8%
1896-
1909
Thomas Hayward
11%
Quiz Playlist
Details
Report
Send in Message
Add To Playlist
Classic:
Type in answers that appear in a list
Last Updated: Sep 24, 2019
Quiz Scoreboard
CHALLENGE
Sign Up to Join the Scoreboard
Show All
Scores
Hide
Comments
May contain spoilers
Recently Published
Image Sorting: Flags VI
by Barbecue
Geography
2m
Find the 'City' Movie
by crazypaving
Movies
60s
Colored Red Africa Blitz
by spor1
Geography
45s
More to Explore
Quiz From the Vault
Featured Blog Post
14 Easter Pick-up Lines to Find Eggs With
hide this ad
You Might Also Like...
Tags
Cricket Quiz
Against
Australia
England
Player
run
Today's Top Quizzes in Sports
Browse Sports
hide this ad
Today's Top Quizzes in Cricket
Browse Cricket
Top Contributed Quizzes in Sports
1
Les meilleurs buteurs des matchs entre le PSG et l’OM
2
Les entraîneurs de l'OM et du PSG au 21e siècle
3
Les joueurs passés par le PSG et l'OM
4
2022 World Cup Stars
5
Players with Multiple 50 Home Run Seasons
6
Criteria MLB: Left Handed Sluggers
7
Les joueurs passés par le LOSC et le RC Lens
8
NBA Logic Puzzle 2.0
9
MLB Players with Two .350 Batting Average Seasons
10
FIFA Club World Cup Champions
Explore More
Trending Topics
Disney
Marvel
NBA
Harry Potter
Crossword
Kpop
Anime
Soccer
Pokémon
Country
NFL
The Office
Song
Puzzle
WWE
hide this ad
More By:
TigerRockets
Quiz
Plays
Rating
Category
Featured
Created
AFL - Brothers 2019
3,118
5.00
Sports
Mar 30, 2019
AFL - 3 CLUB PLAYERS 2019
2,956
5.00
Sports
Mar 30, 2019
AFL 2019 Multiple Choice
2,903
4.33
Sports
Oct 19, 2019
Golf - Top ten in USA Masters since 2000
1,795
3.75
Sports
Jun 1, 2013
Cricket Australia World Cup Squad Members 1975-2023
1,572
5.00
Sports
Nov 12, 2012
Go to Creator's Profile
Score Distribution
Quiz Creator Spotlight
TigerRockets
Follow
Send a Message
Quizzes Created
-
Created Quiz Play Count
-
More By This Creator
Popular Quizzes Today
1
Colored Red Africa Blitz
2
Find the US States - No Outlines Minefield
3
Find the 'City' Movie
4
5x2 Blitz: Bands
5
The Countries of the World
6
Find the US States
7
Find the Countries of Europe - No Outlines Minefield
8
US States
More Sports Quizzes
45 Steal Seasons Since 2010
Quiz Lab
Trending Quizzes
Colored Red Europe Blitz I
Colored Red Europe Blitz II
Colored Red Africa Blitz II
Colored Red Europe Blitz III
Colored Red Africa Blitz III
Recently Updated
How Do You Spell That?
pecheneg
Godzilla Movies
pecheneg
Grab Bag: 4-10 Letters
pecheneg
2024 March Madness Bracket
pecheneg
Famous TV Couples
Peacemaker
Champions League XIs: Real Madrid
pecheneg
Largest US Cities 1790-2010
pecheneg
Rides in Walt Disney World
pecheneg
Most Oscar Losses (Acting)
pecheneg
Beyoncé Albums
pecheneg
Trending Topics
NBA
Kpop
Marvel
Disney
Harry Potter
Anime
Crossword
Pokémon
Puzzle
Song
Country
WWE
NFL
The Office
Soccer
Your Account Isn't Verified!
In order to create a playlist on Sporcle, you need to verify the email address you used during registration. Go to your
Sporcle Settings
to finish the process.
Report this User
Report this user for behavior that violates our
Community Guidelines
.
Details:
Send Report
Go to the Sporcle.com Mobile Site →
Comments